[Event "IECG RN.2002.0.00018"]
[Site "IECG email"]
[Date "2002.12.30"]
[Round "1"]
[White "Stewart, Darrell"]
[Black "Altobelli, Frank"]
[Result "1-0"]
[WhiteElo "800"]
[BlackElo "800"]
[PlyCount "55"]
[EventDate "2002.12.30"]
[EventType "tourn (corr)"]
[EventRounds "6"]
[SourceTitle "Corr 2024"]
[Source "ChessBase"]
[SourceDate "2023.10.19"]
[SourceVersion "1"]
[SourceVersionDate "2023.10.19"]
[SourceQuality "1"]

1. e4 e5 2. f4 Nc6 3. Nc3 Nf6 4. d3 d6 5. Nf3 Be6 6. Be2 Be7 7. 0-0 0-0 8. Bd2 d5 9. fxe5 Bc5+ 10. Kh1 Ng4 11. exd5 Nf2+ 12. Rxf2 Bxf2 13. dxc6 f6 14. Ne4 bxc6 15. Nxf2 c5 16. Ne4 f5 17. Nxc5 Bd5 18. c4 Bc6 19. Ne6 Qe7 20. Nxf8 Rxf8 21. d4 f4 22. b4 g5 23. a3 Be4 24. Bc3 g4 25. Nd2 Qh4 26. Nxe4 g3 27. Qg1 Re8 28. Nf6+ 1-0